ბათუმის შოთა რუსთაველის სახელმწიფო უნივერსიტეტის ბიბლიოთეკა

კერპების მწუხრი, ანუ როგორ ფილოსოფოსობენ ჩაქუჩით / (ბიბ.ჩანაწერი № 63063)

000 -ლიდერი
ფიქსირებული სიგრძის საკონტროლო ველი 01983nam a22002657a 4500
003 - საკონტროლო ნომრის იდენტიფიკატორი
საკონტროლო ველი Ge_BSU
005 - ბოლო ოპერაციის თარიღი და დრო
საკონტროლო ველი 20250528142729.0
008 - ფიქსირებული სიგრძის მონაცემთა ელემენტები - ზოგადი ინფორმაცია
ფიქსირებული სიგრძის საკონტროლო ველი 250528s2022 ge ||||| |||| 00| 0 geo d
020 ## - წიგნის საერთაშორისო სტანდარტული ნომერი
International Standard Book Number 9789941842412
041 ## - ენის კოდი
Language code of text/sound track or separate title geo
080 ## - უნივერსალური ათობითი კლასიფიკაციის ინდექსი
Universal Decimal Classification number 1(430) ნ-75
100 ## - მთავარი ჩანაწერი - პიროვნების სახელი
Personal name ნიცშე, ფრიდრიხ
9 (RLIN) 25153
245 ## - ცნობა სათაურის შესახებ
Title კერპების მწუხრი, ანუ როგორ ფილოსოფოსობენ ჩაქუჩით /
Statement of responsibility, etc ფრიდრიხ ნიცშე; გერმანულიდან თარგმნა, გამოკვლევა და შენიშვნები დაურთო გიორგი თავაძემ; რედაქტორი თამარ ჩოკორაია; აღმოსავლეთ ევროპის უნივერსიტეტი, ვარლამ ჩერქეზიშვილის სახ. ინტერდისციპლინური კვლევების ცენტრი.
250 ## - გამოცემის ცნობა
Edition statement მე-2 ქართული გამოცემა.
264 ## - წარმოების, გამოცემის, დისტრიბუციის და სხვა ცნობები
გამოცემის, წარმოების, დისტრიბუციის... ადგილი თბილისი :
გამოცემის, წარმოების, დისტრიბუციის... სახელწოდება აქტი,
გამოცემის, წარმოების, დისტრიბუციის... თარიღი 2022.
300 ## - ფიზიკური აღწერა
Extent 242 გვ. ;
Other physical details 20 სმ.
500 ## - ზოგადი შენიშვნა
General note შენიშვნები: გვ. 157-226.
501 ## - შენიშვნა თანმხლებ მასალაზე
With note საძიებლები: გვ. 227-238.
653 ## - INDEX TERM--UNCONTROLLED
Uncontrolled term გერმანული ფილოსოფია
653 ## - INDEX TERM--UNCONTROLLED
Uncontrolled term თარგმანები ქართულ ენაზე
700 ## - ADDED ENTRY--PERSONAL NAME
Personal name თავაძე, გიორგი
Relator term მთარგმნელი
9 (RLIN) 2230
700 ## - ADDED ENTRY--PERSONAL NAME
Personal name ჩოკორაია, თამარ
Relator term რედაქტორი
9 (RLIN) 25154
710 ## - ADDED ENTRY--CORPORATE NAME
Corporate name or jurisdiction name as entry element აღმოსავლეთ ევროპის უნივერსიტეტი
Subordinate unit ვარლამ ჩერქეზიშვილის სახ. ინტერდისციპლინური კვლევების ცენტრი.
9 (RLIN) 25151
942 ## - ADDED ENTRY ELEMENTS (KOHA)
Source of classification or shelving scheme
Koha item type წიგნი
ეგზემპლარები
ჩამოწერის სტატუსი დაკარგული ეგზემპლარის სტატუსი კლასიფიკაციის წყარო ან თაროზე გაწყობის სქემა დაზიანების სტატუსი არ გაიცემა მუდმივი მდებარეობა (დაცვის ადგილი) ამჟამინდელი ადგილსამყოფელი თაროზე განთავსების ადგილი შეძენის თარიღი ღირებულება, შესყიდვის ნორმალური ფასი სრული შენახვის შიფრი შტრიხკოდი ბოლო ოპერაციის თარიღი ეგზემპლარის მიმდევრობითი ნომერი (კეტერი?) ფასის ძალაში შესვლის თარიღი ეგზემპლარის სახეობა საჯარო შენიშვნა
          ბათუმის შოთა რუსთაველის სახელმწიფო უნივერსიტეტის მთავარი ბიბლიოთეკა ბათუმის შოთა რუსთაველის სახელმწიფო უნივერსიტეტის მთავარი ბიბლიოთეკა წიგნსაცავი 2025-05-28 32.20 1(430) ნ-75 71575 2025-05-28 71575 2025-05-28 წიგნი 32 ლ. 20 თ.